Derecho Constitucional Chileno.
Na minha lista:
| Autor principal: | |
|---|---|
| Formato: | Livro |
| Idioma: | inglês |
| Publicado em: |
Santiago, Chile:
Universidad Católica de Chile,
2012
|
| Edição: | Segunda edición actualizada |
| Assuntos: | |
| Tags: |
Adicionar Tag
Sem tags, seja o primeiro a adicionar uma tag!
|
MARC
| LEADER | 00000nam a22000007a 4500 | ||
|---|---|---|---|
| 003 | CL-VaPUC | ||
| 005 | 20250410124856.0 | ||
| 008 | 250410e2012 ||||| |||| 00| 0 eng d | ||
| 999 | |c 449036 |d 449034 | ||
| 020 | |a 9789561412477 (t.II) | ||
| 040 | |c Pontificia Universidad Católica de Valparaíso | ||
| 082 | 0 | 4 | |2 21 |a 342.83 CEA 2012 |
| 100 | 1 | |a Cea Egaña, José Luis |e autor |9 901959 | |
| 245 | 1 | 0 | |a Derecho Constitucional Chileno. |
| 250 | |a Segunda edición actualizada | ||
| 260 | |a Santiago, Chile: |b Universidad Católica de Chile, |c 2012 | ||
| 300 | |a Tomo II; 773 páginas | ||
| 505 | |a Tomo II: -Primera Parte. Caracterización de los Derechos Fundamentales. -Segunda Parte. Dignidad y Derechos Humanos en la Constitución. -Tercera Parte. Acción y Recurso de Protección. -Cuarta Parte. Deberes Constitucionales. | ||
| 583 | |c 20250410 |k Valeria Valenzuela | ||
| 650 | 1 | |a Derecho constitucional chileno |9 478271 | |
| 650 | 1 | |a Constitución política de 1980 |9 256495 | |
| 942 | |2 ddc |c BK | ||
| 952 | |0 0 |1 0 |4 0 |6 342_830000000000000_CEA_2012 |7 0 |8 A |9 419399 |a BIBDER |b BIBDER |d 2019-11-22 |h t.II |i 4872606 |l 4 |o 342.83 CEA 2012 |p 4872606 |r 2024-11-04 |s 2024-11-04 |w 2019-11-22 |y BK |k DER | ||
| 952 | |0 0 |1 0 |4 0 |6 342_830000000000000_CEA_2012 |7 0 |8 A |9 419400 |a BIBDER |b BIBDER |d 2019-11-22 |h t.II |i 4872614 |l 3 |o 342.83 CEA 2012 |p 4872614 |r 2023-01-25 |s 2022-06-22 |w 2019-11-22 |y BK |k DER | ||
| 952 | |0 0 |1 0 |4 0 |6 342_830000000000000_CEA_2012 |7 0 |8 A |9 419401 |a BIBDER |b BIBDER |d 2019-11-22 |h t.II |i 4872622 |l 3 |o 342.83 CEA 2012 |p 4872622 |r 2023-01-25 |s 2022-07-25 |w 2019-11-22 |y BK |k DER | ||
| 952 | |0 0 |1 0 |4 0 |6 342_830000000000000_CEA_2012 |7 0 |8 A |9 419402 |a BIBDER |b BIBDER |d 2019-11-22 |h t.II |i 4872630 |l 1 |m 4 |o 342.83 CEA 2012 |p 4872630 |q 2025-12-31 |r 2020-02-27 |s 2020-02-27 |w 2019-11-22 |y BK |k DER | ||
| 952 | |0 0 |1 0 |4 0 |6 342_830000000000000_CEA_2012 |7 0 |8 A |9 419403 |a BIBDER |b BIBDER |d 2019-11-22 |h t.II |i 4872649 |o 342.83 CEA 2012 |p 4872649 |r 2023-01-25 |w 2019-11-22 |y BK |k DER | ||